| 000 | 00920cam a2200289 4500 | ||
|---|---|---|---|
| 001 | ABS65344 | ||
| 008 | 020424n2002 000 0 eng u | ||
| 035 | _a(Sirsi) u117654 | ||
| 100 | _aMcIntosh, A | ||
| 110 |
_aKing Sturge _93877 |
||
| 245 | 4 | _aThe ripple effect boosts UK regional centres | |
| 260 | _c2002 | ||
| 490 |
_aProperty Forecast _v5(3) March 2002, 8-9(2) |
||
| 520 | _aAnalysis of the UK office market, outlining regional centres' performance in 2001, and forecasts for 2002. Table. Graphs. | ||
| 590 | _aABS | ||
| 650 | _aREGIONAL CENTRES | ||
| 650 | _aOFFICE RENTS | ||
| 650 | _aRENTAL GROWTH | ||
| 650 | _aFORECASTS | ||
| 650 | _aDEALS | ||
| 650 | _aOCCUPIERS | ||
| 650 | _aECONOMY | ||
| 650 | _aPROPERTY-COMMERCIAL PROPERTY-OFFICE PROPERTY-OFFICE PROPERTY MARKET | ||
| 690 | _aPROPERTY-COMMERCIAL PROPERTY-COMMERCIAL PROPERTY MARKET | ||
| 700 | _aChristophers, V | ||
| 942 | _n0 | ||
| 999 |
_c70056 _d70056 |
||